| 000 | 00854nam a22002772a 4500 | ||
|---|---|---|---|
| 001 | 809 | ||
| 003 | UkOxU | ||
| 005 | 20211208233231.0 | ||
| 008 | 131123s1971 fr b 000 0 eng d | ||
| 035 | _aOCLC ocm00593847 from D950830M 829 | ||
| 040 |
_aDLC _cDLC _dZYF _dEQO _dBD-RjUL _beng |
||
| 041 | _aeng | ||
| 082 |
_a342.492 _219 _bGAP 1971 |
||
| 100 | 1 |
_aGardner, Frank M. _92091 |
|
| 245 | 1 | 0 |
_aPublic library legislation: _ba comparative study / _cby Frank M. Gardner |
| 260 |
_aParis : _bUnesco, _c1971 |
||
| 300 |
_a285 p. ; _c21 cm |
||
| 490 | 1 |
_aDocumentation, libraries, and archives. Studies and research ; _v2 |
|
| 504 | _aBibliography: p. 283-285 | ||
| 650 | 0 |
_aLibrary legislation _92420 |
|
| 830 | 0 |
_v2 _92427 |
|
| 830 | 0 |
_aDocumentation, libraries, and archives. _92428 |
|
| 942 |
_2ddc _cBK |
||
| 999 |
_c809 _d809 |
||